00455nam a22001337a 4500008004100000020001800041050002000059100002900079245005200108250001200160260005600172300006000228650003300288171129b xxu||||| |||| 00| 0 eng d a9789966466860 aN 365 .D54 2011 aDigolo, Obonyo O.d2011. aArt and Design for 3 and 4 /cObonyo O, Digolo. a1st ed. aKenya:bEast African Educational Publishers,c2011. a121p. :ill.bincludes bibliographical references.c33cm aAtr and Design for secondary